000 00401nam a2200169Ia 4500
001 9358
003 IN-NITTTR
005 20251114233046.0
008 251113s9999||||xx |||||||||||||| ||eng||
040 _beng
040 _cIN-NITTTR
041 _aeng
082 _a153.15 R259B
100 _aReese, Hayne W.
245 0 _aBasic learning processes in childhood /
_cReese, Hayne W.
942 _2ddc
_cBK
999 _c11995
_d11995